Zvládnuť GDPR či cloud je pre banky výzvou

Pohľad na bezpečnosť bankových dát v kontexte dvoch veličín: cloudu - populárneho firemého riešenia fungovania IT systémov a GDPR - smernice, ktorá vstúpi do platnosti v máji budúceho roka a výrazne zmení pravidlá pre spracovávanie a uchovávanie osobných údajov.

Salvato in:
Dettagli Bibliografici
Natura: Capitolo di libro
Lingua:slovacco
Soggetti:
Tags: Aggiungi Tag
Nessun Tag, puoi essere il primo ad aggiungerne!!

MARC

LEADER 00000naa a2200000 4500
001 0237852
005 20171204093517.2
041 0 |a slo 
044 |a CZ 
245 1 0 |a Zvládnuť GDPR či cloud je pre banky výzvou 
520 |a Pohľad na bezpečnosť bankových dát v kontexte dvoch veličín: cloudu - populárneho firemého riešenia fungovania IT systémov a GDPR - smernice, ktorá vstúpi do platnosti v máji budúceho roka a výrazne zmení pravidlá pre spracovávanie a uchovávanie osobných údajov. 
610 2 0 |a bezpečnosť elektronická 
610 2 0 |a technológie nové 
610 2 0 |a cloud computing 
610 2 0 |a ochrana údajov osobných 
610 2 0 |a bankovníctvo